| 000 | 01247cam a2200241 4500 | ||
|---|---|---|---|
| 008 | 050126n2004 000 0 eng u | ||
| 020 | _a0110503503 | ||
| 035 | _a(Sirsi) u128667 | ||
| 041 | _aeng | ||
| 245 | _aCommonhold and Leasehold Reform Act 2002 (Commencement No.5, and Saving and Transitional Provision) Order 2004 | ||
| 260 |
_aLondon _bHMSO _c2004 |
||
| 490 |
_aSI _v2004: 3056 |
||
| 520 | _aSubject to the saving and transitional provisions outlined in Art 4, various sections of the Commonhold and Leasehold Reform Act 2002 set out in Art 3 will come into force in England on 28 February 2005. These include ss126, 147, 164-172, 176 and Sched 13 and s180. Repeals s104 of the Act. See Explanatory note for further details. View at www.legislation.hmso.gov.uk. | ||
| 590 | _aCLR | ||
| 650 | _aCOMMONHOLD AND LEASEHOLD REFORM ACT 2002 (COMMENCEMENT NO.5 AND SAVING AND TRANSITIONAL PROVISION) ORDER 2004 | ||
| 650 | _aCOMMONHOLD AND LEASEHOLD REFORM ACT 2002 | ||
| 650 | _aLONG LEASES | ||
| 650 | _aLEASEHOLDERS | ||
| 650 | _aENFRANCHISEMENT | ||
| 690 | _aLANDLORD AND TENANT-LEASEHOLD REFORM | ||
| 856 |
_uhttps://www.legislation.hmso.gov.uk/si/si2004/20043056.htm _zView the Order on the HMSO website... |
||
| 942 | _n0 | ||
| 999 |
_c103975 _d103975 |
||